[Event "Ramat Gan Maccabi"]
[Site "Ramat Gan"]
[Date "2021.08.02"]
[Round "2"]
[White "Aharonovich, Itamar"]
[Black "Zanan, Evgeny"]
[Result "0-1"]
[WhiteElo "2304"]
[BlackElo "2537"]
[PlyCount "111"]
[EventDate "2021.08.01"]
[EventType "swiss"]
[EventRounds "5"]
[EventCountry "ISR"]
[SourceTitle "EXT 2022"]
[Source "ChessBase"]
[SourceDate "2021.10.06"]
[SourceVersion "1"]
[SourceVersionDate "2021.10.06"]
[SourceQuality "1"]

1. d4 Nf6 2. c4 e6 3. Nf3 d5 4. g3 Be7 5. Bg2 0-0 6. 0-0 dxc4 7. Qa4 a6 8. Qxc4 b5 9. Qc2 Bb7 10. Bd2 Be4 11. Qc1 c6 12. a4 b4 13. Bg5 Nbd7 14. Nbd2 Bd5 15. Ne5 Bxg2 16. Kxg2 c5 17. Nc6 Qe8 18. Nxe7+ Qxe7 19. Ne4 Rfc8 20. Qe3 cxd4 21. Qxd4 h6 22. Nxf6+ Nxf6 23. Bxf6 Qxf6 24. Qxf6 gxf6 25. Rac1 f5 26. Kf3 Kg7 27. Ke3 Kf6 28. Rfd1 Ke7 29. h3 a5 30. g4 fxg4 31. hxg4 Kf6 32. f3 Kg6 33. Ke4 Rxc1 34. Rxc1 Rd8 35. Rc5 Rd2 36. e3 Rxb2 37. Rxa5 Ra2 38. Kd3 Ra3+ 39. Kc4 Rxe3 40. Kxb4 Rxf3 41. Rc5 Rf1 42. Rc3 Rb1+ 43. Rb3 Rd1 44. a5 Kg5 45. a6 Kxg4 46. a7 Rd8 47. Kc5 Ra8 48. Kb6 h5 49. Kb7 Rxa7+ 50. Kxa7 h4 51. Kb6 h3 52. Kc5 h2 53. Rb1 f5 54. Kd4 f4 55. Ke4 Kg3 56. Rh1 0-1

[Event "ISR-chT"]
[Site "Israel"]
[Date "2021.06.25"]
[Round "11.5"]
[White "Huzman, Alexander"]
[Black "Aharonovich, Itamar"]
[Result "1-0"]
[WhiteElo "2547"]
[BlackElo "2290"]
[PlyCount "101"]
[EventDate "2021.04.22"]
[EventType "team-tourn"]
[EventRounds "11"]
[EventCountry "ISR"]
[SourceTitle "EXT 2022"]
[Source "ChessBase"]
[SourceDate "2021.10.06"]
[SourceVersion "1"]
[SourceVersionDate "2021.10.06"]
[SourceQuality "1"]
[WhiteTeam "Beer Sheva Eliahu Levant"]
[BlackTeam "Petah Tikva Hapoel"]
[WhiteTeamCountry "ISR"]
[BlackTeamCountry "ISR"]

1. d4 Nf6 2. Nf3 g6 3. Nbd2 d5 4. e3 Bg7 5. b4 0-0 6. Bb2 a5 7. b5 c5 8. c4 Ne4 9. Rc1 cxd4 10. Nxd4 Nd7 11. cxd5 Nxd2 12. Qxd2 Nf6 13. Be2 Qxd5 14. 0-0 Ne4 15. Qc2 Nd6 16. a4 Bf5 17. Nxf5 Qxf5 18. Qxf5 gxf5 19. Ba3 Rac8 20. Bf3 Be5 21. Bxd6 Bxd6 22. Bxb7 Rb8 23. Bf3 f4 24. exf4 Bxf4 25. Rc4 Be5 26. Re1 Bf6 27. Rd1 e6 28. g3 Rfd8 29. Rc7 Bd4 30. Kg2 Bb6 31. Rxd8+ Rxd8 32. Rc6 Rb8 33. Be4 h6 34. f4 Kf8 35. f5 Ke7 36. fxe6 fxe6 37. Bb1 Bd8 38. Kh3 Rb6 39. Kg4 Kf6 40. Kh5 Kg7 41. Rxb6 Bxb6 42. Ba2 Bg1 43. h3 e5 44. Bb1 Be3 45. g4 Bb6 46. h4 Bc5 47. g5 Be3 48. Be4 hxg5 49. hxg5 Bb6 50. Kg4 Bc7 51. Kf5 1-0

[Event "ISR-chT"]
[Site "Israel"]
[Date "2021.05.07"]
[Round "5.2"]
[White "Aharonovich, Itamar"]
[Black "Krayz, Alexander"]
[Result "1/2-1/2"]
[WhiteElo "2290"]
[BlackElo "2352"]
[PlyCount "153"]
[EventDate "2021.04.22"]
[EventType "team-tourn"]
[EventRounds "11"]
[EventCountry "ISR"]
[SourceTitle "EXT 2022"]
[Source "ChessBase"]
[SourceDate "2021.10.06"]
[SourceVersion "1"]
[SourceVersionDate "2021.10.06"]
[SourceQuality "1"]
[WhiteTeam "Petah Tikva Hapoel"]
[BlackTeam "Herzliya"]
[WhiteTeamCountry "ISR"]
[BlackTeamCountry "ISR"]

1. d4 Nf6 2. c4 e6 3. Nf3 Bb4+ 4. Bd2 c5 5. Bxb4 cxb4 6. e3 0-0 7. a3 Qa5 8. Nbd2 d6 9. Be2 Nc6 10. 0-0 Qc7 11. Qb3 bxa3 12. Qxa3 a5 13. Rfc1 Bd7 14. Ne1 e5 15. Nc2 Bf5 16. Bd3 Bxd3 17. Qxd3 Qb6 18. b3 Rfe8 19. Ra4 exd4 20. exd4 d5 21. c5 Qc7 22. Nf1 Qf4 23. Raa1 g6 24. Re1 Kg7 25. Qg3 Qf5 26. Nfe3 Qd7 27. f3 Nb4 28. Nxb4 axb4 29. Rxa8 Rxa8 30. Qe5 Re8 31. Qg5 h6 32. Qh4 Qb5 33. Nc2 Rxe1+ 34. Qxe1 Qd3 35. Nxb4 Qxd4+ 36. Kh1 Qxc5 37. h3 Qd4 38. Kh2 h5 39. h4 Nd7 40. Kh1 Nc5 41. Nc2 Qb2 42. Nb4 Nxb3 43. Nxd5 Qd4 44. Nc3 Nc5 45. Nb5 Nd3 46. Qe7 Qa1+ 47. Kh2 Qe5+ 48. Qxe5+ Nxe5 49. Kg3 Nd3 50. f4 Kf6 51. Nd4 Nb4 52. Kf3 Nc6 53. Nb5 Ke6 54. g4 f5 55. gxh5 gxh5 56. Ke3 Ne7 57. Nc7+ Kd7 58. Nb5 Ng6 59. Kd4 Kc6 60. Na7+ Kb6 61. Nc8+ Kc7 62. Na7 Nxh4 63. Ke5 Kb6 64. Nc8+ Kc5 65. Nd6 b5 66. Nb7+ Kb4 67. Kf6 Kc3 68. Kg5 Nf3+ 69. Kxf5 b4 70. Ke4 Nd2+ 71. Kf5 Nf3 72. Ke4 Nd4 73. f5 h4 74. f6 h3 75. f7 h2 76. f8Q h1Q+ 77. Ke5 1/2-1/2

[Event "ISR-chT"]
[Site "Israel"]
[Date "2020.01.11"]
[Round "2.5"]
[White "Zlatin, Alexander"]
[Black "Aharonovich, Itamar"]
[Result "1/2-1/2"]
[WhiteElo "2310"]
[BlackElo "2214"]
[PlyCount "73"]
[EventDate "2020.01.10"]
[EventType "team-tourn"]
[EventRounds "11"]
[EventCountry "ISR"]
[SourceTitle "CBM 194 Extra"]
[Source "ChessBase"]
[SourceDate "2020.03.31"]
[SourceVersion "1"]
[SourceVersionDate "2020.03.31"]
[SourceQuality "1"]
[WhiteTeam "Tsafrir Rehovot"]
[BlackTeam "Petah Tikva Hapoel"]
[WhiteTeamCountry "ISR"]
[BlackTeamCountry "ISR"]

1. e4 e5 2. Nf3 Nc6 3. Bc4 Bc5 4. c3 Nf6 5. d3 0-0 6. Nbd2 d5 7. exd5 Nxd5 8. Ne4 Be7 9. 0-0 Bg4 10. h3 Bh5 11. Ng3 Bg6 12. Re1 Nb6 13. Bb5 Bd6 14. Bxc6 bxc6 15. Nxe5 Bxe5 16. Rxe5 Bxd3 17. Qf3 f6 18. Re1 Qd5 19. Qf4 Rfe8 20. Be3 Nc4 21. b3 Nxe3 22. Rxe3 Rxe3 23. Qxe3 Bg6 24. c4 Qd6 25. Re1 Re8 26. Qc3 Rxe1+ 27. Qxe1 c5 28. Nf1 h5 29. Ne3 Qe5 30. Qa5 Qa1+ 31. Kh2 Qe5+ 32. Kg1 Be4 33. Qxa7 Qa1+ 34. Kh2 Qe5+ 35. Kg1 Qa1+ 36. Kh2 Qe5+ 37. Kg1 1/2-1/2

[Event "ISR-chT"]
[Site "Israel"]
[Date "2019.02.15"]
[Round "5.3"]
[White "Aharonovich, Itamar"]
[Black "Caspi, Israel"]
[Result "0-1"]
[WhiteElo "2299"]
[BlackElo "2455"]
[PlyCount "70"]
[EventDate "2019.01.04"]
[EventType "team-tourn"]
[EventRounds "11"]
[EventCountry "ISR"]
[SourceTitle "CBM 188 Extra"]
[Source "ChessBase"]
[SourceDate "2019.02.26"]
[SourceVersion "1"]
[SourceVersionDate "2019.02.26"]
[SourceQuality "1"]
[WhiteTeam "Tel Aviv Har Tsvi"]
[BlackTeam "Herzliya"]
[WhiteTeamCountry "ISR"]
[BlackTeamCountry "ISR"]

1. d4 d6 2. Nf3 f5 3. g3 Nf6 4. Bg2 g6 5. c4 Bg7 6. 0-0 0-0 7. Nc3 c6 8. Rb1 Ne4 9. Qc2 Nxc3 10. bxc3 e5 11. dxe5 dxe5 12. Ba3 Rf7 13. Rfd1 Nd7 14. e4 Bf8 15. Bxf8 Qxf8 16. exf5 gxf5 17. Qd2 Re7 18. Qg5+ Rg7 19. Qe3 e4 20. Nh4 Nc5 21. Qf4 Be6 22. f3 exf3 23. Bxf3 Re8 24. Bh5 Ree7 25. Rf1 Ne4 26. Rbe1 Ng5 27. Kg2 Kh8 28. Re2 Qg8 29. Nxf5 Bd5+ 30. cxd5 Qxd5+ 31. Kf2 Nh3+ 32. Ke1 Rxe2+ 33. Bxe2 Nxf4 34. Rxf4 Rd7 35. Kf2 Rf7 0-1

[Event "Dov Porath Memorial"]
[Site "Ramat Gan"]
[Date "2018.09.09"]
[Round "6"]
[White "Aharonovich, Itamar"]
[Black "Baron, Tal"]
[Result "0-1"]
[WhiteElo "2282"]
[BlackElo "2532"]
[PlyCount "76"]
[EventDate "2018.09.08"]
[EventType "swiss (rapid)"]
[EventRounds "9"]
[EventCountry "ISR"]
[SourceTitle "CBM 186 Extra"]
[Source "ChessBase"]
[SourceDate "2018.08.24"]
[SourceVersion "1"]
[SourceVersionDate "2018.08.24"]
[SourceQuality "1"]

1. d4 Nf6 2. c4 e6 3. Nc3 Bb4 4. e3 0-0 5. Bd3 c5 6. Nf3 b6 7. 0-0 Bb7 8. Qe2 Bxc3 9. bxc3 Be4 10. Nd2 Bxd3 11. Qxd3 d6 12. e4 Nc6 13. d5 Ne5 14. Qe2 Re8 15. f3 Qc8 16. f4 Ned7 17. dxe6 Rxe6 18. e5 Qc6 19. g4 h6 20. h4 g6 21. g5 hxg5 22. hxg5 Nh5 23. Ne4 Nxe5 24. f5 gxf5 25. Rxf5 Ng6 26. Rd5 Ng3 27. Nf6+ Rxf6 28. Qg2 Rf1+ 29. Kh2 Nh4 30. Qxg3 Nf3+ 31. Kg2 Rg1+ 32. Kxf3 Rxg3+ 33. Kxg3 Qa4 34. Bf4 Qxc4 35. Rad1 Re8 36. Rxd6 Re4 37. Rd8+ Kg7 38. Bd6 Re3+ 0-1

[Event "Dov Porath Memorial"]
[Site "Ramat Gan"]
[Date "2018.09.08"]
[Round "2"]
[White "Aharonovich, Itamar"]
[Black "Zoler, Dan"]
[Result "1-0"]
[WhiteElo "2282"]
[BlackElo "2503"]
[PlyCount "63"]
[EventDate "2018.09.08"]
[EventType "swiss (rapid)"]
[EventRounds "9"]
[EventCountry "ISR"]
[SourceTitle "CBM 186 Extra"]
[Source "ChessBase"]
[SourceDate "2018.08.24"]
[SourceVersion "1"]
[SourceVersionDate "2018.08.24"]
[SourceQuality "1"]

1. d4 Nf6 2. c4 e6 3. Nc3 Bb4 4. e3 0-0 5. Bd3 c5 6. Nf3 Nc6 7. 0-0 Bxc3 8. bxc3 d6 9. Nd2 Qc7 10. Qe2 b6 11. Bb2 Bb7 12. Rac1 Ne7 13. e4 e5 14. f4 exf4 15. Rxf4 Ng6 16. Rxf6 gxf6 17. Qf2 Qe7 18. Re1 Kg7 19. Nf1 Qe6 20. Ng3 Kh8 21. Nh5 Ne7 22. Nxf6 Ng8 23. Nxh7 Kxh7 24. e5+ Kh8 25. d5 Qg4 26. Re4 Qd1+ 27. Bf1 Rfe8 28. Qxf7 Nh6 29. Qf6+ Kh7 30. Rh4 Qd2 31. Rxh6+ Qxh6 32. Bd3+ 1-0

[Event "Dov Porath Memorial"]
[Site "Ramat Gan"]
[Date "2018.09.08"]
[Round "3"]
[White "Khmelniker, Ilya"]
[Black "Aharonovich, Itamar"]
[Result "1-0"]
[WhiteElo "2492"]
[BlackElo "2282"]
[PlyCount "177"]
[EventDate "2018.09.08"]
[EventType "swiss (rapid)"]
[EventRounds "9"]
[EventCountry "ISR"]
[SourceTitle "CBM 186 Extra"]
[Source "ChessBase"]
[SourceDate "2018.08.24"]
[SourceVersion "1"]
[SourceVersionDate "2018.08.24"]
[SourceQuality "1"]

1. c4 c5 2. Nc3 Nc6 3. g3 g6 4. Bg2 Bg7 5. Nf3 e6 6. 0-0 Nge7 7. a3 0-0 8. d3 d5 9. Bd2 b6 10. cxd5 exd5 11. Qa4 Bb7 12. b4 cxb4 13. axb4 Qd7 14. b5 Na5 15. Rab1 Rfe8 16. Rfc1 Nf5 17. Qd1 Rac8 18. Na4 Bf8 19. Rxc8 Rxc8 20. e3 Qc7 21. g4 Nd6 22. Nd4 Qd7 23. h3 Bg7 24. Bxa5 bxa5 25. Nb3 Ba8 26. b6 Qxa4 27. bxa7 Qd7 28. Nxa5 Qxa7 29. Nb3 Rb8 30. d4 Ne4 31. Ra1 Qe7 32. Nd2 Bc6 33. Qc2 Ba8 34. Nb3 Qb4 35. Na5 Bf8 36. Nc6 Bxc6 37. Qxc6 Qb2 38. Rf1 Nd2 39. Rd1 Ne4 40. Rf1 Nc3 41. Bxd5 Qb5 42. Qxb5 Rxb5 43. Bf3 Bd6 44. Rc1 Rb3 45. Kg2 Ba3 46. Rc2 Kf8 47. Be2 Nxe2 48. Rxe2 Rd3 49. Ra2 Ke7 50. Kf3 f5 51. Rc2 Kd7 52. Rc4 Bd6 53. Ra4 Ke6 54. gxf5+ gxf5 55. Ra7 Be7 56. Ra6+ Bd6 57. Ra7 h6 58. Rh7 Bf8 59. Ra7 Rb3 60. Rc7 Rb2 61. Ra7 Be7 62. Ra6+ Bd6 63. Ra7 Rb6 64. Ra8 Kf6 65. Rh8 Kg7 66. Re8 Kf7 67. Rc8 Be7 68. Kf4 Rf6 69. Ke5 Re6+ 70. Kd5 f4 71. e4 Rd6+ 72. Ke5 Re6+ 73. Kd5 Rd6+ 74. Ke5 Re6+ 75. Kf5 Rf6+ 76. Kg4 f3 77. e5 Rg6+ 78. Kxf3 Ke6 79. Rc6+ Kf5 80. Rxg6 Kxg6 81. Ke4 h5 82. d5 Kf7 83. d6 Bh4 84. f4 Bg3 85. f5 Bh2 86. Kd5 Bf4 87. f6 Be3 88. Ke4 Bc5 89. Kf5 1-0

[Event "ISR-chT U18"]
[Site "Hakfar Hayarok"]
[Date "2014.08.20"]
[Round "4.9"]
[White "Aharonovich, Itamar"]
[Black "Bronstein, Or"]
[Result "1-0"]
[WhiteElo "2125"]
[BlackElo "1940"]
[PlyCount "99"]
[EventDate "2014.08.19"]
[EventType "team"]
[EventRounds "7"]
[EventCountry "ISR"]
[SourceTitle "EXT 2015"]
[Source "ChessBase"]
[SourceDate "2014.11.20"]
[SourceVersion "1"]
[SourceVersionDate "2014.11.20"]
[SourceQuality "1"]

1. d4 Nf6 2. c4 g6 3. Nc3 Bg7 4. e4 d6 5. Nf3 0-0 6. Be2 e5 7. 0-0 Nc6 8. d5 Ne7 9. b4 Ne8 10. c5 h6 11. Nd2 f5 12. a4 Nf6 13. Ba3 f4 14. Nc4 g5 15. b5 Ne8 16. b6 axb6 17. cxb6 cxb6 18. Rb1 Rf6 19. Nxb6 Rb8 20. Nxc8 Nxc8 21. Bg4 Bf8 22. Nb5 Ng7 23. Rc1 Ne7 24. Nc7 Kh8 25. Ne6 Nxe6 26. Bxe6 Ng6 27. Qc2 Be7 28. Qc7 Nf8 29. Qxd8 Rxd8 30. Bc8 b6 31. Rc7 Re8 32. Bf5 Kg8 33. Rfc1 Kf7 34. Rb7 Ng6 35. Rcc7 Kf8 36. Be6 Ra8 37. Ra7 Rxa7 38. Rxa7 Nh8 39. Ra8+ Kg7 40. Rg8+ Kh7 41. Rb8 Rf8 42. Rb7 Ng6 43. Bxd6 Re8 44. Bf5 Kh8 45. Bxg6 Rc8 46. Rc7 Ra8 47. Bxe5+ Kg8 48. Rxe7 Kf8 49. Rh7 Rxa4 50. Bf6 1-0

[Event "ISR-chT U18"]
[Site "Hakfar Hayarok"]
[Date "2014.08.20"]
[Round "5.1"]
[White "Aharonovich, Itamar"]
[Black "Mindlin, Alon"]
[Result "0-1"]
[WhiteElo "2125"]
[BlackElo "2259"]
[PlyCount "88"]
[EventDate "2014.08.19"]
[EventType "team"]
[EventRounds "7"]
[EventCountry "ISR"]
[SourceTitle "EXT 2015"]
[Source "ChessBase"]
[SourceDate "2014.11.20"]
[SourceVersion "1"]
[SourceVersionDate "2014.11.20"]
[SourceQuality "1"]

1. d4 Nf6 2. c4 e6 3. Nc3 Bb4 4. Qc2 c5 5. dxc5 Na6 6. a3 Bxc3+ 7. Qxc3 Nxc5 8. b4 Nce4 9. Qc2 d5 10. f3 Nd6 11. c5 Nf5 12. e3 Qc7 13. Ne2 0-0 14. Nd4 Nxd4 15. exd4 e5 16. Be2 exd4 17. 0-0 Re8 18. Bb2 Qf4 19. Bb5 Re7 20. Qf2 a6 21. Ba4 d3 22. Rfe1 Rxe1+ 23. Rxe1 Bf5 24. Be5 Qh6 25. Qd4 Qd2 26. Qc3 Qg5 27. Qd4 Bh3 28. Bg3 Bf5 29. Be5 h5 30. h4 Qh6 31. Kh2 Bd7 32. Bf4 Qg6 33. Bxd7 Nxd7 34. Rd1 Qf5 35. Rxd3 Re8 36. Bg5 Re2 37. Re3 Ra2 38. Qf4 Qg6 39. Re8+ Kh7 40. Qd4 f6 41. Qxd5 Qxe8 42. Qxa2 fxg5 43. c6 bxc6 44. Qc2+ Qg6 0-1

[Event "Kiryat Ono op-A 4th"]
[Site "Kiryat Ono"]
[Date "2013.07.04"]
[Round "5"]
[White "Aharonovich, Itamar"]
[Black "Kraus, Ohad"]
[Result "0-1"]
[WhiteElo "1995"]
[BlackElo "2085"]
[PlyCount "82"]
[EventDate "2013.06.30"]
[EventType "swiss"]
[EventRounds "5"]
[EventCountry "ISR"]
[SourceTitle "CBM 155 Extra"]
[Source "ChessBase"]
[SourceDate "2013.08.26"]
[SourceVersion "1"]
[SourceVersionDate "2013.08.26"]
[SourceQuality "1"]

1. d4 Nf6 2. c4 g6 3. Nc3 Bg7 4. e4 d6 5. Nf3 0-0 6. Be2 e5 7. 0-0 Nc6 8. d5 Ne7 9. Nd2 a5 10. a3 Nd7 11. Rb1 f5 12. b4 c6 13. Qc2 cxd5 14. cxd5 axb4 15. axb4 Nf6 16. f3 Bd7 17. Nc4 b5 18. Na5 Qb6+ 19. Kh1 fxe4 20. fxe4 Ng4 21. h3 Rxf1+ 22. Bxf1 Nf6 23. Bg5 Rc8 24. Qd2 h6 25. Be3 Qb8 26. Bd3 g5 27. Rc1 Nh5 28. Ne2 Nf4 29. Bb1 Rxc1+ 30. Nxc1 Neg6 31. Bf2 Qf8 32. Nd3 Nxh3 33. gxh3 Qf3+ 34. Kh2 Qxh3+ 35. Kg1 Qg4+ 36. Kh2 Nf4 37. Nxf4 exf4 38. Nc6 f3 39. Bg3 Qh3+ 40. Kg1 Qxg3+ 41. Kh1 f2 0-1